Příběhy z pitevny / (Záznam č. 34265)
| 000 -Návěští | |
|---|---|
| Řídící pole kódované 24B | 01488nam a2200253 i 4500 |
| 001 - Kontrolní číslo | |
| Řídící pole proměnné | 016200001779728 |
| 003 - Identifikátor kontrolního čísla | |
| Řídící pole proměnné | CZ PrSKC |
| 005 - Datum posledního zpracování | |
| Řídící pole 16B | 20260511085707.0 |
| 008 - Údaje pevné délky | |
| Řídící pole kódované 40B | 260506s2026 xr ||| | cze |
| 020 ## - ISBN | |
| ISBN | 9788028411817 |
| Dostupnost | Kč 399,00 |
| 040 ## - Zdroj katalogizace-agentura | |
| Agentura původní katalogizace | JHG001 |
| Jazyk katalogizace | cze |
| Použitá pravidla popisu | rda |
| 072 #7 - Kód předmětové kategorie - Konspekt | |
| Předmětová kategorie | 821.162.3-3 |
| Zpřesnění předmětové kategorie | Česká próza |
| Zdroj předmětové klasifikace | Konspekt |
| 100 1# - Hlavní záhlaví - osobní jméno autora | |
| Osobní jméno | Trpková, Kristýna, |
| Datumy související se jménem | 1996- |
| Kód role | aut |
| 9 (RLIN) | 13806 |
| 245 10 - Údaje o názvu | |
| Název | Příběhy z pitevny / |
| Údaj o odpovědností, atd. | Kristýna Trpková, Pavel Toupalík |
| 250 ## - Údaje o vydání | |
| Označení vydání | Vydání první |
| 264 #1 - Nakladatelské údaje | |
| Místo vydání | Praha : |
| Nakladatel | Euromedia Group, |
| Rok vydání | 2026 |
| 300 ## - Fyzický popis | |
| Rozsah | 156 stran ; |
| Rozměry | 21 cm |
| 520 2# - Anotace | |
| Anotace, atd. | Uznávaný soudní lékař Pavel Toupalík a princezna české krimi Kristýna Trpková spojili síly, aby čtenářům přiblížili, co se doopravdy děje za oponou pitevních sálů. Jaká je vlastně práce soudního znalce v naší zemi? Jak moc se realita na českých pitevnách liší od toho, co vidíme v televizi a čteme v knihách? Jsou podlahy na pitevnách vážně tak dokonale nablýskané a čisté jako na obrazovkách? Jaký byl nejbrutálnější čin, ke kterému byl Pavel za svou kariéru přivolán? Proč odborníci z tohoto oboru nedají dopustit na svůj pověstný černý humor? A na jaké oběti se ani po víc než třicetileté praxi a desítkách tisíců provedených pitev stejně zvyknout nedá? |
| 655 #7 - Rejstříkový termín - žánr/forma | |
| Žánr/forma či základní termín | české romány |
| 700 1# - Vedlejší záhlaví - osobní jméno autora | |
| Osobní jméno | Toupalík, Pavel, |
| Datumy související se jménem | 1966- |
| Kód role | aut |
| 9 (RLIN) | 20746 |
| 710 2# - Vedlejší záhlaví - jméno korporativního autora | |
| Jméno korporace nebo jurisdikce | Euromedia Group |
| Kód role | pbl |
| 9 (RLIN) | 20440 |
| 910 ## - Údaje o vlastníkovi jednotky (exempláře) | |
| Sigla vlastníka jednotky | ABG508 |
| Stav ztráty | Zdroj klasifikace pro skladování | Stav poškození |
|---|---|---|
| Universal Decimal Classification |